[Event "Belgrade-chT2 Quality"]
[Site "Belgrade"]
[Date "2022.10.30"]
[Round "7.1"]
[White "Milicevic, Predrag I"]
[Black "Trailovic, Aleksandar1111"]
[Result "1-0"]
[WhiteElo "2037"]
[BlackElo "2151"]
[PlyCount "105"]
[EventDate "2022.10.15"]
[EventType "team-tourn"]
[EventRounds "13"]
[EventCountry "SRB"]
[SourceTitle "EXT 2024"]
[Source "ChessBase"]
[SourceDate "2023.10.10"]
[SourceVersion "1"]
[SourceVersionDate "2023.10.10"]
[SourceQuality "1"]
[WhiteTeam "Belgrade BASK"]
[BlackTeam "Zemun Teleoptik"]
[WhiteTeamCountry "SRB"]
[BlackTeamCountry "SRB"]

1. Nf3 d6 2. g3 Nf6 3. Bg2 e5 4. d3 Be7 5. 0-0 0-0 6. e4 c6 7. Nc3 b5 8. a3 Qc7 9. d4 a6 10. h3 Re8 11. Bg5 Nbd7 12. Qd2 Bf8 13. Rad1 Bb7 14. Rfe1 h6 15. Be3 Nb6 16. dxe5 dxe5 17. Qe2 a5 18. Nh4 b4 19. Nb1 Ba6 20. Qf3 Re6 21. g4 Nh7 22. Nf5 Rb8 23. axb4 Bxb4 24. c3 Bf8 25. b3 Nd7 26. Nd2 Nc5 27. Rb1 Ng5 28. Qg3 Nd3 29. h4 Nxe1 30. Rxe1 Nh7 31. g5 hxg5 32. hxg5 Qd8 33. Bh3 Rg6 34. Nf3 Bc8 35. Kh2 Rxb3 36. N5h4 Bxh3 37. Nxg6 Be6 38. Nxf8 Nxf8 39. Kg2 Qd3 40. Rh1 Qxe4 41. Rh4 Qd5 42. c4 Qd1 43. Rh1 Qd3 44. Qh4 Ng6 45. Qh7+ Kf8 46. Bc5+ Ke8 47. Qg8+ Kd7 48. Be3 Nf4+ 49. Kg3 Ne2+ 50. Kg2 Nf4+ 51. Kg3 Ng6 52. Rh8 Nxh8 53. Nxe5+ 1-0

[Event "Belgrade-chT2 Quality"]
[Site "Belgrade"]
[Date "2022.10.22"]
[Round "3.2"]
[White "Milicevic, Predrag I"]
[Black "Pavicevic, Jovan R"]
[Result "0-1"]
[WhiteElo "2037"]
[BlackElo "2051"]
[PlyCount "78"]
[EventDate "2022.10.15"]
[EventType "team-tourn"]
[EventRounds "13"]
[EventCountry "SRB"]
[SourceTitle "EXT 2024"]
[Source "ChessBase"]
[SourceDate "2023.10.10"]
[SourceVersion "1"]
[SourceVersionDate "2023.10.10"]
[SourceQuality "1"]
[WhiteTeam "Belgrade BASK"]
[BlackTeam "Lazarevac Kolubara"]
[WhiteTeamCountry "SRB"]
[BlackTeamCountry "SRB"]

1. Nf3 d5 2. g3 c5 3. c4 d4 4. b4 cxb4 5. a3 Nc6 6. axb4 Nxb4 7. Qa4+ Nc6 8. Bg2 Bd7 9. 0-0 g6 10. Qb5 Bg7 11. d3 Rb8 12. Nbd2 Nh6 13. Ne4 0-0 14. Bf4 a6 15. Qc5 Ra8 16. Rfb1 Qc8 17. Qb6 Nd8 18. Ra5 f5 19. Neg5 Rf6 20. Qb2 Ng4 21. Ne5 h6 22. Nxd7 Qxd7 23. Nf3 g5 24. Rd5 Qc8 25. Bd2 Re6 26. h3 Nf6 27. Nxd4 Nxd5 28. Bxd5 Kh7 29. Bc3 Rg6 30. Kh2 Rb8 31. e3 Nc6 32. Bxc6 Bxd4 33. Bxd4 Qxc6 34. Qa3 Re6 35. Rb6 Qd7 36. Qa5 Rxb6 37. Qxb6 Re8 38. Qc5 e6 39. Be5 b6 0-1

[Event "Belgrade-chT Quality"]
[Site "Belgrade"]
[Date "2021.10.17"]
[Round "2.3"]
[White "Milicevic, Predrag I"]
[Black "Postic, Dragisa"]
[Result "0-1"]
[WhiteElo "2077"]
[BlackElo "2282"]
[PlyCount "100"]
[EventDate "2021.10.16"]
[EventType "team-tourn"]
[EventRounds "11"]
[EventCountry "SRB"]
[SourceTitle "EXT 2023"]
[Source "ChessBase"]
[SourceDate "2022.10.05"]
[SourceVersion "1"]
[SourceVersionDate "2022.10.05"]
[SourceQuality "1"]
[WhiteTeam "Belgrade Bask"]
[BlackTeam "Belgrade Polet"]
[WhiteTeamCountry "SRB"]
[BlackTeamCountry "SRB"]

1. Nf3 d5 2. g3 c6 3. Bg2 Nf6 4. 0-0 Bf5 5. d3 e6 6. Nbd2 Be7 7. Qe1 h6 8. e4 Bh7 9. Qe2 0-0 10. Re1 a5 11. a4 c5 12. exd5 Nxd5 13. Nc4 Nc6 14. Bd2 Bf6 15. Rad1 Nb6 16. Nxb6 Qxb6 17. Bc3 Nd4 18. Bxd4 Bxd4 19. Nd2 Qxb2 20. Nc4 Qa2 21. Bxb7 Rad8 22. Bc6 Bc3 23. Rf1 Bxd3 24. Qxd3 Rxd3 25. cxd3 Rd8 26. Bb5 Rd4 27. h4 Qe2 28. Ne3 Bd2 29. Nc4 Bc3 30. Ne3 Qf3 31. Bc4 Kh7 32. Rb1 Rd6 33. Rb5 Bd4 34. Re1 f5 35. Bb3 Bc3 36. Rd1 f4 37. gxf4 Qxf4 38. Rxc5 Bd4 39. Rc4 Qxh4 40. Kf1 e5 41. Ke2 Rf6 42. Rf1 Qf4 43. Bd1 h5 44. Ke1 h4 45. Ng4 Rf7 46. f3 Bc3+ 47. Kf2 Qd2+ 48. Kg1 h3 49. Nf2 Bd4 50. Rc2 Qg5+ 0-1

[Event "Belgrade City-chT"]
[Site "Belgrade"]
[Date "2019.05.15"]
[Round "3.6"]
[White "Milicevic, Predrag I"]
[Black "Ostojic, Katarina"]
[Result "0-1"]
[WhiteElo "2090"]
[BlackElo "2147"]
[PlyCount "104"]
[EventDate "2019.05.13"]
[EventType "team-swiss"]
[EventRounds "5"]
[EventCountry "SRB"]
[SourceTitle "CBM 190 Extra"]
[Source "ChessBase"]
[SourceDate "2019.07.15"]
[SourceVersion "1"]
[SourceVersionDate "2019.07.15"]
[SourceQuality "1"]
[WhiteTeam "15 April"]
[BlackTeam "Crvena Zvezda (W)"]
[WhiteTeamCountry "SRB"]
[BlackTeamCountry "SRB"]

1. d4 Nf6 2. c4 c5 3. d5 e6 4. Nc3 exd5 5. cxd5 d6 6. e4 g6 7. f4 Bg7 8. Nf3 0-0 9. e5 Nfd7 10. e6 fxe6 11. dxe6 Nb6 12. Ng5 Nc6 13. Bd3 Nd4 14. 0-0 Nf5 15. Re1 Qe7 16. a4 Bd4+ 17. Kh1 h6 18. g4 Ng7 19. Nf3 Bxe6 20. a5 Nd7 21. Nd5 Qf7 22. Bxg6 Bxd5 23. Bxf7+ Rxf7 24. Kg2 Ne5 25. Rxe5 dxe5 26. f5 Nxf5 27. gxf5 Rxf5 28. Ra3 Raf8 29. Kg3 Bxf3 30. Qb3+ Kh8 31. Qxf3 Rxf3+ 32. Rxf3 Rxf3+ 33. Kxf3 Kg7 34. Ke4 Kg6 35. b3 Bc3 36. a6 bxa6 37. Be3 Bd4 38. Bd2 Bg1 39. h3 Bd4 40. Ba5 Kf6 41. Bc7 Ke6 42. Bb8 h5 43. Bc7 Kd7 44. Ba5 Kc6 45. Be1 Kb5 46. Kd5 a5 47. Bd2 a4 48. bxa4+ Kxa4 49. Kc4 Ka3 50. Bc1+ Ka2 51. Bd2 Kb2 52. Kd3 Kb3 0-1

[Event "Belgrade-chT Premier"]
[Site "Belgrade"]
[Date "2017.09.21"]
[Round "4.4"]
[White "Knezevic, Milorad G"]
[Black "Milicevic, Predrag I"]
[Result "1-0"]
[WhiteElo "2205"]
[BlackElo "2057"]
[PlyCount "88"]
[EventDate "2017.09.18"]
[EventType "team"]
[EventRounds "9"]
[EventCountry "SRB"]
[SourceTitle "CBM 180 Extra"]
[Source "ChessBase"]
[SourceDate "2017.10.06"]
[SourceVersion "1"]
[SourceVersionDate "2017.10.06"]
[SourceQuality "1"]
[WhiteTeam "Belgrade Partizan"]
[BlackTeam "Cukaricki"]
[WhiteTeamCountry "SRB"]
[BlackTeamCountry "SRB"]

1. e4 e6 2. Nc3 d5 3. g3 Nf6 4. Bg2 c5 5. d3 Nc6 6. f4 Be7 7. e5 Nd7 8. Nf3 0-0 9. 0-0 Rb8 10. Re1 b5 11. Ne2 Qc7 12. c3 a5 13. Be3 Ba6 14. Rc1 Rfc8 15. g4 b4 16. Ng3 bxc3 17. bxc3 Rb2 18. Rc2 Rcb8 19. Bc1 Rb1 20. Qe2 Qb6 21. f5 Rxc1 22. Rcxc1 Bxd3 23. Qd2 c4+ 24. Kh1 Qd8 25. g5 Ba3 26. Rcd1 g6 27. Qf4 Rb2 28. Bh3 Qe7 29. fxe6 fxe6 30. Bf1 Nc5 31. Rd2 Rb8 32. Qf6 Qd7 33. Qf4 Rf8 34. Qe3 Qf7 35. Bg2 Qf4 36. Qxf4 Rxf4 37. Ne2 Bxe2 38. Rdxe2 Ne4 39. Rc2 Bc5 40. h3 Nf2+ 41. Kh2 Nd3 42. Rb1 Rf7 43. Re2 a4 44. Rb5 Ba7 1-0

[Event "Belgrade-chT"]
[Site "Belgrade"]
[Date "2015.09.29"]
[Round "8.2"]
[White "Milicevic, Predrag I"]
[Black "Nenezic, Marko"]
[Result "0-1"]
[WhiteElo "2066"]
[BlackElo "2460"]
[PlyCount "96"]
[EventDate "2015.09.21"]
[EventType "team-tourn"]
[EventRounds "9"]
[EventCountry "SRB"]
[SourceTitle "CBM 168 Extra"]
[Source "ChessBase"]
[SourceDate "2015.10.29"]
[SourceVersion "1"]
[SourceVersionDate "2015.10.29"]
[SourceQuality "1"]
[WhiteTeam "Bogoslov"]
[BlackTeam "Itaka"]
[WhiteTeamCountry "SRB"]
[BlackTeamCountry "SRB"]

1. e4 c5 2. Nf3 d6 3. d4 cxd4 4. Qxd4 a6 5. Bg5 Nc6 6. Qd2 h6 7. Be3 Nf6 8. Nc3 e6 9. Be2 b5 10. a3 Be7 11. 0-0 Bb7 12. Nd4 0-0 13. Nxc6 Bxc6 14. Bd3 Ng4 15. Bf4 Rb8 16. h3 Ne5 17. Ne2 Rc8 18. Rad1 Ng6 19. Be3 d5 20. exd5 Qxd5 21. f3 Bc5 22. Nc3 Bxe3+ 23. Qxe3 Qe5 24. Qxe5 Nxe5 25. Rfe1 Nxd3 26. Rxd3 Rfd8 27. Red1 Rxd3 28. Rxd3 Kf8 29. Ne2 Ke7 30. Rc3 Bb7 31. Rxc8 Bxc8 32. Kf2 g5 33. Ke3 Bb7 34. Kd4 Kd6 35. Nc3 f5 36. Nb1 e5+ 37. Ke3 h5 38. Nd2 h4 39. Kd3 Ke6 40. Ke3 a5 41. Kd3 g4 42. Ke3 b4 43. a4 gxh3 44. gxh3 Kd6 45. Kd3 Bxf3 46. Nxf3 e4+ 47. Ke3 exf3 48. Kxf3 Ke5 0-1

[Event "Belgrade tt Cup"]
[Site "Belgrade"]
[Date "2015.04.24"]
[Round "4.4"]
[White "Kosovac, Milan"]
[Black "Milicevic, Predrag I"]
[Result "1/2-1/2"]
[WhiteElo "2021"]
[BlackElo "2065"]
[PlyCount "92"]
[EventDate "2015.04.20"]
[EventType "team-swiss"]
[EventRounds "5"]
[EventCountry "SRB"]
[SourceTitle "CBM 166 Extra"]
[Source "ChessBase"]
[SourceDate "2015.06.18"]
[SourceVersion "1"]
[SourceVersionDate "2015.06.18"]
[SourceQuality "1"]
[WhiteTeam "Banjica"]
[BlackTeam "Bogoslov"]
[WhiteTeamCountry "SRB"]
[BlackTeamCountry "SRB"]

1. Nf3 d6 2. d4 f5 3. g3 Nf6 4. Bg2 g6 5. c4 Bg7 6. Nc3 0-0 7. 0-0 Nc6 8. Qc2 e5 9. dxe5 dxe5 10. Rd1 Qe8 11. e4 fxe4 12. Nxe4 Bg4 13. Re1 Bxf3 14. Bxf3 Nd4 15. Qd3 Nxe4 16. Bxe4 c6 17. Kg2 Rd8 18. Qc3 Qf7 19. Be3 Rd6 20. Rf1 Rf6 21. Rae1 g5 22. h3 Qh5 23. Bxd4 exd4 24. Qxd4 Rh6 25. Qd7 Rf7 26. Qg4 Qxg4 27. hxg4 Bxb2 28. Bf5 Kg7 29. Re8 Rd6 30. Rh1 h6 31. Rhe1 Rd2 32. R1e2 Rxe2 33. Rxe2 Bd4 34. Re6 Rf6 35. Re4 Bc5 36. a4 a5 37. Re6 Bd4 38. Re8 b6 39. Re7+ Rf7 40. Re4 Bc5 41. Re6 Rf6 42. Rxf6 Kxf6 43. Bd7 Ke5 44. Bxc6 Ba3 45. Kf3 Bc1 46. Ke2 Ba3 1/2-1/2

[Event "Belgrade Trophy 28th"]
[Site "Belgrade"]
[Date "2014.11.25"]
[Round "2"]
[White "Azaric, Slavko"]
[Black "Milicevic, Predrag I"]
[Result "1/2-1/2"]
[WhiteElo "2302"]
[BlackElo "2100"]
[PlyCount "46"]
[EventDate "2014.11.24"]
[EventType "swiss"]
[EventRounds "9"]
[EventCountry "SRB"]
[SourceTitle "CBM 163 Extra"]
[Source "ChessBase"]
[SourceDate "2014.12.23"]
[SourceVersion "1"]
[SourceVersionDate "2014.12.23"]
[SourceQuality "1"]

1. e4 c5 2. Nf3 Nc6 3. d4 cxd4 4. Nxd4 e5 5. Nb5 d6 6. N1c3 a6 7. Na3 b5 8. Nd5 Nce7 9. c4 Nxd5 10. exd5 bxc4 11. Bxc4 Be7 12. Bd2 Nf6 13. Qa4+ Bd7 14. Qa5 0-0 15. Qxd8 Rfxd8 16. 0-0 Rdb8 17. b3 Ne4 18. Be3 f5 19. f3 Nf6 20. Rfd1 f4 21. Bf2 g5 22. Nb1 Kf7 23. Nc3 Bd8 1/2-1/2

[Event "Belgrade-chT"]
[Site "Belgrade"]
[Date "2014.10.12"]
[Round "4"]
[White "Milicevic, Predrag I"]
[Black "Rodic, Dragan"]
[Result "1/2-1/2"]
[WhiteElo "2100"]
[BlackElo "2028"]
[PlyCount "58"]
[EventDate "2014.10.04"]
[EventType "team-tourn"]
[EventRounds "13"]
[EventCountry "SRB"]
[SourceTitle "EXT 2015"]
[Source "ChessBase"]
[SourceDate "2014.11.20"]
[SourceVersion "1"]
[SourceVersionDate "2014.11.20"]
[SourceQuality "1"]

1. c4 c5 2. Nf3 Nc6 3. Nc3 Nf6 4. g3 g6 5. Bg2 Bg7 6. 0-0 0-0 7. d3 d6 8. Bg5 h6 9. Bd2 e5 10. a3 Be6 11. Rb1 Qd7 12. Re1 d5 13. cxd5 Nxd5 14. Nxd5 Bxd5 15. Qc1 e4 16. dxe4 Bxe4 17. Ra1 Nd4 18. Nxd4 Bxg2 19. Kxg2 Qxd4 20. Rb1 h5 21. Bc3 Qd5+ 22. e4 Qc6 23. Bxg7 Kxg7 24. Qc3+ Kg8 25. Rbc1 Rac8 26. Kg1 b6 27. e5 Qe6 28. Re3 Rfe8 29. Rce1 Rcd8 1/2-1/2

[Event "Belgrade Trophy 27th"]
[Site "Obrenovac"]
[Date "2013.11.30"]
[Round "7"]
[White "Stanojevic, Branko"]
[Black "Milicevic, Predrag I"]
[Result "1-0"]
[WhiteElo "2291"]
[BlackElo "2160"]
[PlyCount "105"]
[EventDate "2013.11.24"]
[EventType "swiss"]
[EventRounds "9"]
[EventCountry "SRB"]
[SourceTitle "CBM 157 Extra"]
[Source "ChessBase"]
[SourceDate "2013.12.19"]
[SourceVersion "1"]
[SourceVersionDate "2013.12.19"]
[SourceQuality "1"]

1. d4 Nf6 2. Nf3 d5 3. c4 dxc4 4. g3 e6 5. Qa4+ Nbd7 6. Bg2 c5 7. 0-0 cxd4 8. Nxd4 Bc5 9. Qxc4 0-0 10. Nb3 Be7 11. Rd1 Nb6 12. Qc2 Nfd5 13. e4 Nb4 14. Qe2 Qc7 15. Na3 Bd7 16. Be3 Ba4 17. Rdc1 Qd8 18. Nc5 Bc6 19. Nc2 Nxc2 20. Rxc2 Na4 21. Rd1 Qa5 22. Nb3 Qb5 23. Qxb5 Bxb5 24. Nd4 Ba6 25. b3 Nb6 26. Bf1 Bxf1 27. Kxf1 Rfc8 28. Rxc8+ Nxc8 29. Rc1 Bd8 30. Nb5 Kf8 31. Nc7 Bxc7 32. Rxc7 b6 33. Bc1 e5 34. a4 Rb8 35. Bb2 f6 36. Ba3+ Kg8 37. Rd7 a5 38. Rd8+ Kf7 39. Bd6 Ra8 40. b4 b5 41. bxa5 Ke6 42. Bc5 g6 43. Ke2 h5 44. f4 Kf7 45. h4 Ke6 46. Kf3 Rb8 47. Rf8 Ra8 48. fxe5 fxe5 49. g4 Rb8 50. g5 Ra8 51. Ke3 Kd7 52. Kd3 Kc7 53. Re8 1-0

[Event "Belgrade-chT Quality"]
[Site "Belgrade"]
[Date "2012.11.02"]
[Round "11.4"]
[White "Jocic, Slavoljub"]
[Black "Milicevic, Predrag I"]
[Result "0-1"]
[WhiteElo "2204"]
[BlackElo "2158"]
[PlyCount "104"]
[EventDate "2012.10.13"]
[EventType "team-tourn"]
[EventRounds "11"]
[EventCountry "SRB"]
[SourceTitle "EXT 2019"]
[Source "ChessBase"]
[SourceDate "2018.10.10"]
[SourceVersion "1"]
[SourceVersionDate "2018.10.10"]
[SourceQuality "1"]

1. d4 c5 2. c3 e6 3. Nf3 Nf6 4. Bf4 Nc6 5. e3 d5 6. Nbd2 Bd6 7. Bg3 Qe7 8. Ne5 Nd7 9. f4 cxd4 10. exd4 Bxe5 11. fxe5 f6 12. Bh4 Qf7 13. exf6 gxf6 14. Be2 0-0 15. 0-0 Ne7 16. Bh5 Qg7 17. Qe2 e5 18. dxe5 Nxe5 19. Rae1 N7c6 20. Nf3 Bf5 21. Rd1 Be4 22. Nd4 Nxd4 23. cxd4 Nc6 24. Bg3 f5 25. Qd2 h6 26. Rf2 Qg5 27. Be2 Qxd2 28. Rxd2 Rac8 29. h3 Kh7 30. Kh2 Rg8 31. Bf4 Ne7 32. g4 Ng6 33. Bg3 Rc1 34. Rd1 Rxd1 35. Bxd1 Rf8 36. gxf5 Rxf5 37. Rxf5 Bxf5 38. Bb8 a6 39. Bf3 Be6 40. Bd6 Kg7 41. Kg3 Kf6 42. h4 Ne7 43. Be5+ Kg6 44. Kf4 h5 45. Bd6 Nc6 46. Be5 Ne7 47. Be2 Bh3 48. Bd3+ Bf5 49. Be2 Bb1 50. a3 Be4 51. b4 b5 52. Bc7 Nc6 0-1

[Event "Belgrade-chT Quality"]
[Site "Belgrade"]
[Date "2012.10.20"]
[Round "3.1"]
[White "Jocev, Milan"]
[Black "Milicevic, Predrag I"]
[Result "1-0"]
[WhiteElo "2151"]
[BlackElo "2158"]
[PlyCount "103"]
[EventDate "2012.10.13"]
[EventType "team-tourn"]
[EventRounds "11"]
[EventCountry "SRB"]
[SourceTitle "EXT 2019"]
[Source "ChessBase"]
[SourceDate "2018.10.10"]
[SourceVersion "1"]
[SourceVersionDate "2018.10.10"]
[SourceQuality "1"]

1. e4 Nf6 2. e5 Nd5 3. d4 d6 4. Nf3 Bg4 5. Be2 e6 6. c4 Nb6 7. exd6 cxd6 8. Nc3 Be7 9. 0-0 0-0 10. b3 Nc6 11. Be3 d5 12. c5 Nd7 13. b4 Rc8 14. a3 Bf6 15. Rc1 h6 16. Qd2 Bf5 17. Rfd1 Kh7 18. Bd3 Bxd3 19. Qxd3+ g6 20. Bf4 Kg7 21. h3 g5 22. Bd6 Rg8 23. Ne2 Be7 24. Bh2 Qe8 25. Qe3 Kh7 26. Ne5 Ndxe5 27. dxe5 Rg6 28. Nd4 Nd8 29. Rc2 a6 30. f4 gxf4 31. Bxf4 Qa4 32. Rf1 Bf8 33. h4 a5 34. h5 Rg4 35. Qf3 Rg8 36. Qd3+ Kh8 37. Qb5 Qxb5 38. Nxb5 axb4 39. axb4 Ra8 40. Nd6 Rg4 41. b5 Ra7 42. g3 Bg7 43. Kg2 f5 44. exf6 Bxf6 45. c6 bxc6 46. bxc6 Rc7 47. Ne8 Rxc6 48. Rxc6 Nxc6 49. Nxf6 Rg7 50. Rc1 Ne7 51. Be5 Rg5 52. Rc7 1-0

[Event "Belgrade-chT Quality"]
[Site "Belgrade"]
[Date "2012.10.13"]
[Round "1.2"]
[White "Milicevic, Predrag I"]
[Black "Protic, Dusan"]
[Result "1-0"]
[WhiteElo "2158"]
[BlackElo "2122"]
[PlyCount "71"]
[EventDate "2012.10.13"]
[EventType "team-tourn"]
[EventRounds "11"]
[EventCountry "SRB"]
[SourceTitle "EXT 2019"]
[Source "ChessBase"]
[SourceDate "2018.10.10"]
[SourceVersion "1"]
[SourceVersionDate "2018.10.10"]
[SourceQuality "1"]

1. Nf3 Nc6 2. d4 d6 3. e4 g6 4. h3 Bg7 5. Be3 e5 6. c3 exd4 7. cxd4 Nf6 8. Nc3 0-0 9. Bd3 b6 10. 0-0 Bb7 11. a3 Re8 12. Qc2 a6 13. Rfe1 b5 14. Rad1 Qc8 15. b4 h6 16. Rc1 Re7 17. Re2 Qe8 18. Rce1 Qd7 19. Bc1 Rae8 20. Bb2 d5 21. e5 Nh5 22. Bc1 Bc8 23. Bxg6 fxg6 24. Qxg6 Qe6 25. Qxh5 Rf7 26. Be3 Rf5 27. Qh4 Ne7 28. Qg3 Ref8 29. Nh4 Rh5 30. Rc2 Qf7 31. Ne2 Rxh4 32. Qxh4 Nf5 33. Qf4 Qg6 34. Rxc7 Nxe3 35. Qxe3 Bf5 36. Nf4 1-0